| 000 | 01104nam a2200337 4500 | ||
|---|---|---|---|
| 001 | 69840 | ||
| 010 | _a9789899118669 | ||
| 021 |
_aPT _b509019/22 |
||
| 090 | _a69840 | ||
| 100 | _a20230428d2023 m y0pory50030103ba | ||
| 101 | 0 | _apor | |
| 102 | _aPT | ||
| 105 | _ay z 000yy | ||
| 106 | _ar | ||
| 200 | 1 |
_aSociedade de consumo e consumidores em Portugal _fMário Beja Santos |
|
| 210 | 9 |
_aLisboa _cFundação Francisco Manuel dos Santos _d2023 |
|
| 215 | _a104, [5] p. | ||
| 225 | 2 |
_aEnsaios da Fundação _v128 |
|
| 675 |
_a366.1/.7(042) _vBN _zpor |
||
| 675 |
_a316.325(042) _vBN _zpor |
||
| 700 | 1 |
_aSantos _bMário Beja _f1945- _950333 |
|
| 801 | 0 |
_aPT _bBN _gRPC |
|
| 942 |
_cMON _n0 |
||